• 首页
  • 本馆介绍
  • 公告通知
  • 最新文献
  • 馆藏检索
  • 电子资源
  • 读者导购
  • 参考咨询
  • 我的图书馆
  • 登录
  • 详细信息显示
  • 放入我的书架
  • 预约/预借图书
  • 作者相关作品
  • 分类相关作品
  • 丛书相关作品
  • 出版社相关作品

书目信息

  • 表格格式
  • 工作单格式
  • 卡片格式
题名:
黑钻石
    
 
作者: 莫尔 著 ;汤真 译
分册:  
出版信息: 北京   人民文学出版社  1980
页数: 475页
开本: 19cm
丛书名:
单 册:
中图分类: I515.4
科图分类:
主题词: 小说--匈牙利
电子资源:
ISBN:
000 00636nam0 2200229 45
001 0180006620
005 20060913154920.00
010    @dCNY1.25
091    @a10019.2997
100    @a19960215d1980 em y0chiy0121 ea
101 1  @achi@chun
102    @aCN@b110000
105    @ay z 000ay
200 10 @a黑钻石@Ahei zuan shi@dFekete gyemantok@f(匈)约卡伊·莫尔著@F(Xiong)Yue Ka Yi·Mo Er Zhu@g汤真译
210    @a北京@c人民文学出版社@d1980
215    @a475页@d19cm
606    @a小说@y匈牙利
690    @aI515.4@v3
701  0 @a莫尔@4著
702  0 @a汤真@Atang zhen@4译
801  0 @aCN@bNLC@c20060913
905    @dI515.4@e230@f1@b31357
    
    黑钻石=Fekete gyemantok/(匈)约卡伊·莫尔著/汤真译.-北京:人民文学出版社,1980
    475页;19cm
    
    
    ISBN :CNY1.25
    
●
相关链接 在E读中查询图书 在五车中查询图书 在当当中查询图书 在豆瓣中查询图书


正题名:黑钻石     索取号:I515.4/230         预约/预借

序号 登录号 条形码 馆藏地/架位号 状态 备注
1 0031357   000334445   第二借阅区/ [索取号:I515.4/230] 在馆    
2 0031358   001914352   密集书库/ [索取号:I515.4/230] 在馆    
3 0031359   000334276   第二借阅区/ [索取号:I515.4/230] 在馆    
4 0031360   001914316   密集书库/ [索取号:I515.4/230] 在馆    
5 0031361   202108682   第一样本阅览室/ [索取号:I515.4/230] 在馆    
6 0031362   000334481   第二借阅区/ [索取号:I515.4/230] 在馆    
7 0031363   000334524   第二借阅区/ [索取号:I515.4/230] 在馆    
8 0031364   000334356   第二借阅区/ [索取号:I515.4/230] 在馆    
9 0031365   000334310   第二借阅区/ [索取号:I515.4/230] 在馆    
10 0031366   000334560   第二借阅区/ [索取号:I515.4/230] 在馆    
11 0428640   204286405   密集书库/ [索取号:I515.4/230] 在馆    
12 0428641   204286414   密集书库/ [索取号:I515.4/230] 在馆    
13 0473544   204735448   密集书库/ [索取号:I515.4/230] 在馆    
唐山师范学院图书馆 欢迎您!
大连网信软件有限公司© 版权所有